Cinco días de agosto

Saved in:
書目詳細資料
主要作者: Burton, Hester (Author)
格式: 圖書
語言:西班牙语
出版: Madrid Ediciones SM 1989
版:6a. ed
叢編:Colección El Barco de Vapor, 28
主題:
標簽: 添加標簽
沒有標簽, 成為第一個標記此記錄!

MARC

LEADER 00000nam a2200000 a 4500
001 UCH5600
003 CL-VaPUC
008 091014e19890000SP |||||||||||||||||spa|d
020 |a 8434814544 
082 0 4 |a 823  |b BUR  |2 21 
100 0 |a Burton, Hester  |e author  |9 541873 
245 1 0 |a Cinco días de agosto 
250 |a 6a. ed 
300 |a 193 p 
942 |c BK 
945 |d 20091014 00:00:00  |a lazolas 
260 |a Madrid  |b Ediciones SM  |c 1989 
650 0 |a Novelas inglesas  |9 265220 
650 0 |a Cuentos ingleses  |9 265135 
650 0 |a Literatura inglesa  |9 312907 
650 0 |a Literatura juvenil   |9 309909 
583 |a last modification  |c 20091014 00:00:00  |k Rodrigo Vera 
490 0 |a Colección El Barco de Vapor, 28 
999 |c 336710  |d 336708